01365nam a2200361Ia 4500001001200000003000800012006001900020007001500039008004100054010001700095015001700112020002500129020002400154040002100178035002100199050002500220100002700245245009700272250001200369260004800381300001600429490003500445533015200480650003400632650003600666650003100702655002900733700004500762710001700807830003600824856012600860999001700986ebr10150027CaPaEBRm u cr cn|||||||||940429s1994 onc s 000 0 eng d z 94900437  aC94-900437-5 z0886292387 (bound) : z088629231X (pbk.) : aCaPaEBRcCaPaEBR a(OCoLC)18070455514aKE4422b.M371 1994eb1 aMartin, Robert,d1939-12aA sourcebook of Canadian media lawh[electronic resource] /cRobert Martin & G. Stuart Adam. a2nd ed. aOttawa :bCarleton University Press,c1994. axxv, 869 p.1 aCarleton library series ;v181 aElectronic reproduction.bPalo Alto, Calif. :cebrary,d2009.nAvailable via World Wide Web.nAccess may be limited to ebrary affiliated libraries. 0aFreedom of the presszCanada. 0aFreedom of informationzCanada. 0aFreedom of speechzCanada. 7aElectronic books.2local1 aAdam, G. Stuartq(Gordon Stuart),d1939-2 aebrary, Inc. 0aCarleton library series ;v181.40uhttp://site.ebrary.com/lib/rucke/Doc?id=10150027zAn electronic book accessible through the World Wide Web; click to view c94540d94540